| 000 | | | 04563cac2a2200253 x 450 |
| 001 | | | 7eb17b42-6e6e-4fa2-b023-eb1d3061f301 |
| 005 | | | 20170525162626.0 |
| 100 | ## | $a | 20130708l19121912k y0rusy50 ca |
| 101 | 0# | $a | pol |
| 102 | ## | $a | RU |
| 105 | ## | $a | y z ||||| |
| 200 | 1# | $a | Устав Товарищества для учреждения школ по садоводству и лесничеству для детей служащих в этих учреждениях |
| | $j | 1912 |
| 215 | ## | $a | 8 листов |
| 251 | ## | $c | Дело |
| 300 | ## | $a | Текст на польском языке |
| 300 | ## | $a | Напечатано типографским способом |
| 330 | ## | $a | I. Документальные материалы Дымши Любомира Клеофасовича; 3. Документальные материалы, относящиеся к общественной деятельности Дымши Л. К. (в качестве члена Петербургской городской думы и Государственной думы) |
| 461 | #0 | $1 | 001fdc4ea38-544e-4b93-b87c-448efc7be393 |
| | $1 | 2001 |
| | $a | Дымша Любомир Клеофасович, юрист, приват-доцент петербургского университета, член III и IV государственных дум, польского коло, член учебного комитета и чиновник особых поручений собственной его императорского величества канцелярии, помещик Константиновского уезда |
| | $1 | 251 |
| | $c | Фонд |
| | $1 | 852 |
| | $j | 690 |
| 462 | #0 | $1 | 001ca403b4d-2fe2-48fe-9d5c-8f624e1a5a5b |
| | $1 | 2001 |
| | $a | 1869-1916 |
| | $v | Д. 74 |
| | $1 | 251 |
| | $c | Опись |
| | $1 | 852 |
| | $j | 1 |
| 801 | #0 | $a | RU |
| | $b | GA_RF |
| 801 | #1 | $a | RU |
| | $b | НПО Опыт |
| | $c | 20130708 |
| | $2 | rusmarc |
| 801 | #2 | $a | RU |
| | $b | ПБ им. Б.Н. Ельцина |
| | $c | 20131109 |
| | $g | RCR |
| | $2 | rusmarc |
| 852 | ## | $a | ГА РФ |
| | $j | 74 |
| 937 | ## | $d | 41217816 |
| | $h | ПБ |
| 035 | ## | $a | RuPRLIB51008554 |
| 122 | 0# | $a | d1912###### |
| 606 | 1# | $2 | prlib_sh |
| | $3 | LIBNET\UAF\0000066951 |
| | $a | Лесные школы |
| | $x | История |
| | $y | Россия |
| 606 | 1# | $2 | prlib_sh |
| | $3 | LIBNET\UAF\0000066952 |
| | $a | Сельскохозяйственные школы садоводства |
| | $x | История |
| | $y | Россия |
| 686 | ## | $a | 74.4 |
| | $v | LBC/M |
| | $2 | rubbk |
| 605 | ## | $2 | acquisition_Prlib |
| | $3 | LIBNET\UAF\0000065898 |
| | $a | Природные богатства России |
| | $l | коллекция |